Reading and visual fatigue (Record no. 22200)

MARC details
000 -LEADER
fixed length control field 00369nam a2200145Ia 4500
005 - DATE AND TIME OF LATEST TRANSACTION
control field 20240821151417.0
008 - FIXED-LENGTH DATA ELEMENTS--GENERAL INFORMATION
fixed length control field 240821s9999||||xx |||||||||||||| ||und||
082 ## - DEWEY DECIMAL CLASSIFICATION NUMBER
Classification number 372.4 CAR
100 ## - MAIN ENTRY--PERSONAL NAME
Personal name Carmichael, Leonard
245 #0 - TITLE STATEMENT
Title Reading and visual fatigue
260 ## - PUBLICATION, DISTRIBUTION, ETC.
Place of publication, distribution, etc. Boston
Name of publisher, distributor, etc. Houghton Mifflin Co.
Date of publication, distribution, etc. 1947
300 ## - PHYSICAL DESCRIPTION
Extent 483p
650 ## - SUBJECT ADDED ENTRY--TOPICAL TERM
Topical term or geographic name entry element Elementry Education
942 ## - ADDED ENTRY ELEMENTS (KOHA)
Koha item type Book

No items available.